000 00247nam a2200097Ia 4500
001 1003593
005 20250826230451.0
008 250824s9999 xx 000 0 und d
245 0 _aBEATRICE VE VANESSA
_cJOHN YEOMAN
260 _bHEP KİTAP YAYINLARI
999 _c1003593
_d1003593